Applied diary microbiology (Record no. 3818)

MARC details
000 -LEADER
fixed length control field 00342nam a22001337a 4500
008 - FIXED-LENGTH DATA ELEMENTS--GENERAL INFORMATION
fixed length control field 250605b |||||||| |||| 00| 0 eng d
020 ## - INTERNATIONAL STANDARD BOOK NUMBER
ISBN 9788184114683
100 ## - MAIN ENTRY--AUTHOR
Author Bhardwaj Gaurav
245 ## - TITLE STATEMENT
Title Applied diary microbiology
260 ## - PUBLICATION, DISTRIBUTION, ETC. (IMPRINT)
Place of publication New delhi
Name of publisher Sonali publications
Date of publication 2023
300 ## - COLLATION
Pagination 280p
942 ## - ADDED ENTRY ELEMENTS (KOHA)
Item type Books
050 ## - LIBRARY OF CONGRESS CALL NUMBER
Classification number QR 121
Item number .B 43
Holdings
Source of classification or shelving scheme Not for loan Permanent location Current location Date acquired Accession No. Full call number Barcode. Koha item type
Library of Congress Classification   Samuel Ogbemudia Main Library, University of Abuja Samuel Ogbemudia Main Library, University of Abuja 06/05/2025 2024/62309-10 QR 121 .B 43 2025-2439 Books
Library of Congress Classification   Samuel Ogbemudia Main Library, University of Abuja Samuel Ogbemudia Main Library, University of Abuja 06/05/2025 2024/62309-10 QR 121 .B 43 2025-2440 Books